One hundred reasons to be a scientist (Record no. 16097)

MARC details
000 -LEADER
fixed length control field 00697nam a2200181Ia 4500
003 - CONTROL NUMBER IDENTIFIER
control field IN-BaIIA
008 - FIXED-LENGTH DATA ELEMENTS--GENERAL INFORMATION
fixed length control field 211028s9999 xx 000 0 eng d
020 ## - INTERNATIONAL STANDARD BOOK NUMBER
International Standard Book Number 92-95003-29-2
040 ## - CATALOGING SOURCE
Transcribing agency IIA Library
080 ## - UNIVERSAL DECIMAL CLASSIFICATION NUMBER
Universal Decimal Classification number 52(082)
Item number ICT
110 ## - MAIN ENTRY--CORPORATE NAME
Corporate name or jurisdiction name as entry element International Centre for Theoretical Physics
9 (RLIN) 12245
245 #0 - TITLE STATEMENT
Title One hundred reasons to be a scientist
Remainder of title 40th anniversary, 1964-2004
Statement of responsibility, etc. International Centre for Theoretical Physics
260 ## - PUBLICATION, DISTRIBUTION, ETC.
Place of publication, distribution, etc. Trieste
Name of publisher, distributor, etc. The Abdus Salam International Center for Theoretical Physics
Date of publication, distribution, etc. 2004
300 ## - PHYSICAL DESCRIPTION
Extent 263p.
650 ## - SUBJECT ADDED ENTRY--TOPICAL TERM
Topical term or geographic name entry element Astronomy and astrophysics
9 (RLIN) 2815
650 ## - SUBJECT ADDED ENTRY--TOPICAL TERM
Topical term or geographic name entry element Scientists -Collective Works
9 (RLIN) 29777
942 ## - ADDED ENTRY ELEMENTS (KOHA)
Koha item type Books
Holdings
Withdrawn status Lost status Damaged status Not for loan Home library Current library Shelving location Date acquired Source of acquisition Cost, normal purchase price Total Checkouts Full call number Barcode Date last seen Cost, replacement price Price effective from Koha item type Purchase Price
        IIA Library-Bangalore IIA Library-Bangalore General Stacks 03/02/2006 SWB 250.00   52(082)/ ICT 17019 05/11/2021 250.00 03/02/2006 Books Rs. 250.00

Powered by Koha